000 00629 a2200181 4500
999 _c5629
_d5629
010 _aENG-86960
020 _a817823422X
_c75.00
035 _aEN-70493
037 _bDBAD / PUB
082 1 4 _a230.35
100 1 _aAkshaykachaitanya
245 1 _aReminiscences of Swami Brahmananda :
_bthe mind born son of Sri Ramakrishna /
_cby Akshayachaitanya ; translated by B. Bhaskarananda
260 _aChennai
_bSri Ramakrishna Math
_c2006
270 _aSri Ramakrishna Math,
_bChennai
_e600 004
_msrkmath@vsnl.com
300 _axxxiv, 265 p
_c210cm (Pbk)
700 1 _aBhaskarnanda
942 _adpl
_cEN
_2ddc
_h230.35
_mAKS